| 000 | 00000nam##2200000za#4500 |
| 001 | 9.610341 |
| 003 | CaOODSP |
| 005 | 20200327115848 |
| 007 | ta |
| 008 | 150406|1992||||xxc||||| f|0| 0 eng|d |
| 022 | |a0706-6457 |
| 040 | |aCaOODSP|beng |
| 043 | |an-cn--- |
| 086 | 1 |aFs97-6/1861E |
| 110 | 1 |aCanada. |bDepartment of Fisheries and Oceans. |
| 245 | 14|aThe lake sturgeon, Acipenser fulvescens (Chondrostei: Acipenseridae): an annotated bibliography / |cby T. A. Dick and A. Choudhury. |
| 260 | |aOttawa - Ontario : |bFisheries and Oceans Canada |c1992. |
| 300 | |a69p. : |bfigs., references ; |c28 cm. |
| 490 | 1 |aCanadian technical report of fisheries and aquatic sciences|x0706-6457|v1861 |
| 500 | |aPrepared in the Central and Arctic Region, Department of Fisheries and Oceans, Winnipeg, Manitoba R3T 2N6. |
| 546 | |aRésumés en français |
| 563 | |aSoftcover |
| 690 | 07|aFreshwater fish|2gcpds |
| 720 | 1 |aChoudhury, A. |
| 720 | 1 |aDick, T. A. |
| 776 | 0#|tThe lake sturgeon, Acipenser fulvescens (Chondrostei: Acipenseridae) : |w(CaOODSP)9.573838 |
| 830 | #0|aCanadian technical report of fisheries and aquatic sciences,|x0706-6457|v1861|w(CaOODSP)9.514691 |